00306nam a2200121Ia 4500008004100000041000800041082001200049100001500061245004200076260003500118300002400153365000700177240624s9999 xx 000 0 und d aeng a658 SET aSETH MEERA aCASE STUDY ON RESPECT THE PRIME MOVER c2008aNew DelhibBusinessworld a210 : p. : cm. ; 25 cRS